Giáo trình nhiệt động kỹ thuật Dùng cho các trường Đại học khối Kỹ thuật Công trình

Trình bày các khái niệm cơ bản của nhiệt động kỹ thuật, quá trình nhiệt động của khí và hơi, chu trình của chất khí, chu trình thuận chiều của khí thực, chu trình thiết bị làm lạnh,...

محفوظ في:
التفاصيل البيبلوغرافية
المؤلف الرئيسي: Lê, Nguyên Minh
التنسيق: كتاب
اللغة:Undetermined
منشور في: H. Giáo dục 2008
الموضوعات:
الوصول للمادة أونلاين:http://lrc.tdmu.edu.vn/opac/search/detail.asp?aID=2&ID=7714
الوسوم: إضافة وسم
لا توجد وسوم, كن أول من يضع وسما على هذه التسجيلة!
Thư viện lưu trữ: Trung tâm Học liệu Trường Đại học Thủ Dầu Một
LEADER 01036nam a2200217Ia 4500
001 TDMU_7714
008 210410s9999 xx 000 0 und d
082 |a 621.402 
090 |b L250 
100 |a Lê, Nguyên Minh 
245 0 |a Giáo trình nhiệt động kỹ thuật 
245 0 |b Dùng cho các trường Đại học khối Kỹ thuật Công trình 
245 0 |c Lê Nguyên Minh 
260 |a H. 
260 |b Giáo dục 
260 |c 2008 
300 |a 251 tr. 
520 |a Trình bày các khái niệm cơ bản của nhiệt động kỹ thuật, quá trình nhiệt động của khí và hơi, chu trình của chất khí, chu trình thuận chiều của khí thực, chu trình thiết bị làm lạnh,... 
650 |a Nhiệt động học  |v Giáo trình; Kỹ thuật nhiệt  |v Giáo trình 
856 |u http://lrc.tdmu.edu.vn/opac/search/detail.asp?aID=2&ID=7714 
980 |a Trung tâm Học liệu Trường Đại học Thủ Dầu Một